000 00711nam a2200205Ii 4500
003 JO-AjNU
008 230605s9999||||xx |||||||||||||| ||und||
017 _a2005/5/1030
040 _aJO-AjNU
_bara
_erda
_cJO-AjNU
041 _aara
050 1 4 _aPJ7808 2005
100 3 _aالدبابنة، أحمد فلاح,
_eauthor
_98872
245 0 0 _aمن ثراث البادية: القهوة والبدو
264 3 1 _aعمان: دار البيت العتيق للنشر والتوزيع، 2005
300 _a88ص
336 _atext
_btxt
_2rdacontent
337 _aunmediated
_bn
_2rdamedia
338 _avolume
_bnc
_2rdacarrier
650 4 _aالشعر الشعبي - القهوة العربية - البدو
_98873
999 _aA1010
_c4578
_d4578